[Event "AUTO-ADV-3904"]
[Site "http://www.queenalice.com/game.php?id=1495924"]
[Date "2017.9.22"]
[Round "1"]
[White "daky62"]
[Black "diegem"]
[Result "1-0"]
[WhiteElo "2024"]
[BlackElo "2079"]

1. d4 d5 2. c4 e6 3. Nc3 Nf6 4. cxd5 exd5 5. Nf3 Bb4 6. Bd2 Bxc3 7. bxc3 O-O 8.
g3 Nc6 9. Bg2 Bg4 10. h3 Bxf3 11. Bxf3 a5 12. O-O Qd7 13. g4 Ne7 14. Qb3 b6 15.
Bg5 a4 16. Qc2 Qd6 17. Bh4 c6 18. Bg3 Qd8 19. g5 Nd7 20. h4 Qc8 21. Bd6 Re8 22.
e4 Nb8 23. Bxe7 Rxe7 24. e5 Qh3 25. Bg2 Qxh4 26. Qf5 Re6 27. Bh3 Nd7 28. Rae1
Nf8 29. Kg2 Rg6 30. f4 Ne6 31. Qg4 Qxg4+ 32. Bxg4 h6 33. Bh5 Nxf4+ 34. Rxf4
Rxg5+ 35. Bg4 h5 36. Kg3 Rxg4+ 37. Rxg4 hxg4 38. Kxg4 Re8 39. a3 Re6 40. Rb1 b5
41. Rf1 Rg6+ 42. Kf3 Rg5 43. Re1 Rf5+ 44. Kg3 Kf8 45. Rh1 Ke7 46. Re1 Ke6 47.
Rh1 f6 48. exf6 gxf6 49. Re1+ Kf7 50. Rh1 Kg7 51. Re1 Kf7 52. Rh1 Rg5+ 53. Kf3
Ke6 54. Re1+ Kd6 55. Rb1 Rh5 56. Kg3 Ke7 57. Re1+ Kf7 58. Rc1 Rh8 59. Rf1 Rc8
60. Kf4 c5 61. Ke3 cxd4+ 62. Kxd4 Ke6 63. Rb1 Rc4+ 64. Kd3 Rc5 65. Re1+ Kf7 66.
Kd4 Rc6 67. Rb1 Rc4+ 68. Kd3 Ke6 69. Rxb5 Ke5 70. Rb8 f5 71. Re8+ Kf4 72. Rd8
Rc5 73. Ra8 Kf3 74. Rxa4 f4 75. Ra7 Kf2 76. Rf7 f3 77. Rf5 Kg2 78. a4 Rc4 79.
Rg5+ Kf1 80. Rxd5 Rxa4 81. Ke3 Kg2 82. Rg5+ Kf1 83. Rf5 Ke1 84. Rxf3 Kd1 85. c4
Rxc4 86. Kd3 1-0

[Event "AUTO-ADV-3904"]
[Site "http://www.queenalice.com/game.php?id=1495939"]
[Date "2017.9.22"]
[Round "1"]
[White "roserl"]
[Black "daky62"]
[Result "0-1"]
[WhiteElo "1898"]
[BlackElo "1963"]

1. e4 e5 2. f4 d6 3. Nf3 Nc6 4. Bc4 Be6 5. Bxe6 fxe6 6. d3 Nf6 7. O-O Be7 8. Nc3
O-O 9. Bd2 exf4 10. Bxf4 e5 11. Bg5 Ng4 12. Bxe7 Nxe7 13. Qe2 c6 14. h3 Nf6 15.
Ng5 Qd7 16. Rad1 Ng6 17. Qe3 Nf4 18. Ne2 h6 19. Nf3 N6h5 20. Kh2 g5 21. Nfg1 a5
22. g3 Ng6 23. Nc3 b5 24. Qe2 Nf6 25. d4 b4 26. Nb1 Qe6 27. d5 cxd5 28. exd5
Nxd5 29. Nd2 Nde7 30. Ne4 Qxa2 31. Nf6+ Kg7 32. Nh5+ Kh8 33. Rxf8+ Rxf8 34. b3
d5 35. Nf3 Rxf3 36. Qxf3 Qxc2+ 37. Kh1 Ng8 38. Rxd5 Qb1+ 39. Rd1 e4 40. Rxb1
exf3 41. Kg1 N8e7 42. Kf2 Ne5 43. Ra1 N7c6 44. Nf6 Nd3+ 45. Kxf3 Nc5 46. Rb1
Nxb3 47. Rxb3 Nd4+ 0-1

[Event "AUTO-ADV-3904"]
[Site "http://www.queenalice.com/game.php?id=1495940"]
[Date "2017.9.22"]
[Round "1"]
[White "daky62"]
[Black "roserl"]
[Result "0-1"]
[WhiteElo "1969"]
[BlackElo "1917"]

1. d4 d5 2. c4 e6 3. Nc3 Nf6 4. cxd5 exd5 5. Nf3 Bb4 6. Bd2 O-O 7. e3 Bg4 8. Be2
c6 9. O-O Nbd7 10. h3 Bh5 11. a3 Ba5 12. b4 Bc7 13. a4 Qe7 14. b5 Bd6 15. g4 Bg6
16. Nh4 Ne4 17. Nxg6 fxg6 18. Nxe4 Qxe4 19. f3 Qe7 20. f4 Nf6 21. bxc6 bxc6 22.
Rb1 Rab8 23. Bd3 Ne4 24. Bxe4 Qxe4 25. Qe1 c5 26. Bc3 Rxb1 0-1

[Event "AUTO-ADV-3904"]
[Site "http://www.queenalice.com/game.php?id=1495951"]
[Date "2017.9.22"]
[Round "1"]
[White "daky62"]
[Black "NickThorp"]
[Result "0-1"]
[WhiteElo "1963"]
[BlackElo "1663"]

1. e4 e5 2. Nf3 Nc6 3. Bb5 a6 4. Ba4 b5 5. Bb3 Bb4 6. O-O Nf6 7. d3 h6 8. c3 Bd6
9. Be3 O-O 10. c4 bxc4 11. Bxc4 Ng4 12. Nbd2 Nxe3 13. fxe3 Rb8 14. b3 Bb4 15. a3
Bxd2 16. Nxd2 d6 17. Qh5 Be6 18. Bxe6 fxe6 19. Qg6 Rxf1+ 20. Rxf1 Qe7 21. Rf6
Rf8 22. Rxe6 Qf7 23. Qg4 Qf2+ 24. Kh1 Qe1+ 0-1

[Event "AUTO-ADV-3904"]
[Site "http://www.queenalice.com/game.php?id=1495952"]
[Date "2017.9.22"]
[Round "1"]
[White "NickThorp"]
[Black "daky62"]
[Result "0-1"]
[WhiteElo "1616"]
[BlackElo "1935"]

1. e4 e5 2. Nf3 Nf6 3. Nc3 Nc6 4. Bc4 Bc5 5. O-O O-O 6. d3 a6 7. Bg5 Be7 8. Nd5
d6 9. h3 Nxd5 10. Bxd5 Bxg5 11. Nxg5 Qxg5 12. Qf3 Be6 13. Bxc6 bxc6 14. c4 f5
15. exf5 Rxf5 16. Qxc6 Qd8 17. g4 Bd7 18. Qd5+ Rf7 19. b3 Rb8 20. a4 Qf8 21.
Rab1 Rb6 22. f3 Kh8 23. Kg2 Bc6 24. Qe6 Rf6 25. Qxf6 Qxf6 26. a5 Rb8 27. b4 Qf4
28. h4 Qxg4+ 29. Kh2 Bxf3 30. Rxf3 Qxf3 31. Rb3 Rf8 32. Rb2 Rf4 0-1

[Event "AUTO-MASTER-2770"]
[Site "http://www.queenalice.com/game.php?id=1544259"]
[Date "2018.9.30"]
[Round "1"]
[White "atbn"]
[Black "daky62"]
[Result "0-1"]
[WhiteElo "1902"]
[BlackElo "2042"]

1. e4 e5 2. Nf3 Nc6 3. Bc4 Be7 4. d4 d6 5. O-O Nf6 6. Nc3 O-O 7. d5 Nb4 8. a3
Na6 9. Bxa6 bxa6 10. h3 h6 11. Be3 Bd7 12. Qd2 Nh7 13. Ne2 c5 14. c4 f5 15. exf5
Rxf5 16. Ng3 Rf7 17. Ne4 Bf5 18. Ng3 Bxh3 19. Nxe5 dxe5 20. gxh3 Ng5 21. Bxg5
Bxg5 22. Qe2 Qd7 23. Kh2 Bf4 24. Qg4 Qa4 25. Qe2 Qb3 26. Kg2 Rf6 27. Rg1 Bxg3
28. fxg3 Raf8 0-1

[Event "AUTO-MASTER-2770"]
[Site "http://www.queenalice.com/game.php?id=1544260"]
[Date "2018.9.30"]
[Round "1"]
[White "daky62"]
[Black "atbn"]
[Result "1-0"]
[WhiteElo "1992"]
[BlackElo "2034"]

1. e4 e5 2. Nf3 Nc6 3. Bb5 Bc5 4. c3 a6 5. Bxc6 bxc6 6. Nxe5 Qg5 7. Ng4 h5 8. d4
Qxg4 9. Qxg4 hxg4 10. dxc5 d5 11. e5 f6 12. O-O fxe5 13. Re1 e4 14. Bf4 Ra7 15.
Nd2 Nf6 16. g3 Bf5 17. Nb3 Kd7 18. Nd4 Be6 19. b4 Rb8 20. a4 1-0

[Event "AUTO-MASTER-2770"]
[Site "http://www.queenalice.com/game.php?id=1544271"]
[Date "2018.9.30"]
[Round "1"]
[White "daky62"]
[Black "stoyan1"]
[Result "1-0"]
[WhiteElo "1976"]
[BlackElo "1970"]

1. e4 e5 2. Nf3 d6 3. Be2 Nc6 4. Nc3 a6 5. d4 exd4 6. Nxd4 Ne5 7. Bf4 c5 8. Nf3
f6 9. O-O Ke7 10. Nd5+ Ke8 11. h3 Ne7 12. Nxe5 Nxd5 13. Bh5+ g6 14. Nxg6 Nxf4
15. Nxf4+ Kd7 16. Qd5 Kc7 17. Rad1 Qe7 18. Rfe1 Bh6 19. Ne2 Be6 20. Qd3 Rhg8 21.
Ng3 Bf4 22. Nf5 Bxf5 23. exf5 Qg7 24. Bf3 Rgd8 25. Qd5 Kb6 26. Re6 Be5 27. Qb3+
Ka7 28. Rd3 Rab8 29. Qa3 b5 30. b3 Re8 31. Rdxd6 Bxd6 32. Rxd6 Rb6 33. Qxc5 Rb8
34. Qd4 a5 35. Rd7+ Qxd7 36. Qxd7+ Ka6 37. a4 bxa4 38. Be2+ Rb5 39. bxa4 1-0

[Event "AUTO-MASTER-2770"]
[Site "http://www.queenalice.com/game.php?id=1544272"]
[Date "2018.9.30"]
[Round "1"]
[White "stoyan1"]
[Black "daky62"]
[Result "0-1"]
[WhiteElo "1954"]
[BlackElo "2010"]

1. e4 e5 2. Nf3 Nc6 3. Bb5 a6 4. Ba4 Nf6 5. O-O b5 6. Bb3 Be7 7. d3 d6 8. Ng5
O-O 9. Nf3 Na5 10. a3 Nxb3 11. cxb3 Be6 12. Nc3 c5 13. b4 Rc8 14. bxc5 Rxc5 15.
Be3 Rc8 16. Ng5 Bg4 17. f3 Bd7 18. g4 h6 19. Nh3 Nh5 20. Nf2 Bg5 21. Nd5 Bxe3
22. Nxe3 Nf4 23. Ng2 Ng6 24. Rc1 Qb6 25. Kh1 Qd4 26. b4 Rc3 27. Rxc3 Qxc3 28.
Qc1 Rc8 29. Qxc3 Rxc3 30. Ra1 Be6 31. Ne3 Nh4 32. h3 Nxf3 33. Nd5 Bxd5 34. exd5
Rc2 35. Rf1 Ra2 36. Kg2 Nd4 37. Kg3 Rxa3 38. Rb1 Ne2+ 39. Kf3 Nf4 40. Ke4 Ra2
41. Nd1 Nxh3 42. Rb2 Ra1 43. Nf2 Nxf2+ 44. Rxf2 Ra4 45. Rb2 a5 46. d4 Rxb4 47.
Rxb4 axb4 48. dxe5 dxe5 49. Kxe5 b3 50. d6 Kf8 0-1

[Event "AUTO-ADV-3904"]
[Site "http://www.queenalice.com/game.php?id=1565870"]
[Date "2019.3.29"]
[Round "2"]
[White "daky62"]
[Black "JailtonMaster"]
[Result "1-0"]
[WhiteElo "2073"]
[BlackElo "2117"]

1. e4 d5 2. exd5 Qxd5 3. Nf3 Nf6 4. Nc3 Qa5 5. Qe2 c6 6. g3 e6 7. Bg2 Be7 8. O-O
O-O 9. d4 Nbd7 10. Bd2 Qd8 11. Rad1 b6 12. Ne5 Nxe5 13. dxe5 Nd5 14. Bf4 Nxf4
15. gxf4 Qc7 16. Qc4 Bb7 17. Nb5 Qc8 18. Nd6 Bxd6 19. Rxd6 Ba6 20. Qxc6 Bxf1 21.
Qxa8 Qxa8 22. Bxa8 Bb5 23. Bb7 Re8 24. Bc6 Bxc6 25. Rxc6 Kf8 26. Rc7 Re7 27.
Rxe7 Kxe7 28. Kg2 f6 29. Kf3 fxe5 30. fxe5 Kd7 31. Ke4 Kc6 32. f4 g6 33. Kd4 b5
34. b4 h6 35. c4 bxc4 36. Kxc4 a6 37. a4 g5 38. fxg5 hxg5 39. b5+ axb5+ 40.
axb5+ Kb6 41. h3 Kb7 42. Kc5 Kc7 43. b6+ Kb7 44. Kb5 Kb8 45. Kc6 Kc8 46. Kd6 1-0

[Event "AUTO-ADV-3904"]
[Site "http://www.queenalice.com/game.php?id=1565871"]
[Date "2019.3.29"]
[Round "2"]
[White "JailtonMaster"]
[Black "daky62"]
[Result "0-1"]
[WhiteElo "2169"]
[BlackElo "2052"]

1. d4 d5 2. c4 c6 3. Nf3 Bf5 4. e3 Nf6 5. Nc3 h6 6. Be2 e6 7. O-O Be7 8. b3 O-O
9. Bb2 Nbd7 10. Rc1 a5 11. Nh4 Bh7 12. Bd3 Ne4 13. Nxe4 dxe4 14. Bb1 Bxh4 15. g3
Bf6 16. Qe2 a4 17. f4 a3 18. Ba1 c5 19. Bc2 Qb6 20. dxc5 Qxc5 21. Rcd1 Rad8 22.
Bxf6 Nxf6 23. g4 b5 24. Rxd8 Rxd8 0-1

[Event "AUTO-ADV-3904"]
[Site "http://www.queenalice.com/game.php?id=1565872"]
[Date "2019.3.29"]
[Round "2"]
[White "daky62"]
[Black "mennecy91"]
[Result "1-0"]
[WhiteElo "2110"]
[BlackElo "2088"]

1. e4 Nc6 2. Nf3 e5 3. Bb5 a6 4. Ba4 Nf6 5. d3 Bc5 6. O-O d6 7. c4 O-O 8. h3 h6
9. Nc3 Be6 10. Nd5 Nd4 11. Be3 c6 12. Nc3 b5 13. Bc2 Qd7 14. Nd5 cxd5 15. cxd5
Bxh3 16. Nh2 Bg4 17. Qd2 Ne2+ 18. Kh1 Bxe3 19. Qxe3 Rac8 20. Bd1 Nf4 21. f3 Bh5
22. g4 Bg6 23. Rg1 N6xd5 24. exd5 Nxd5 25. Qd2 Nf4 26. d4 Qe7 27. Re1 Qh4 28.
dxe5 dxe5 29. Rxe5 Qg3 30. Nf1 Qh4+ 31. Qh2 Qf6 32. Re3 Rfe8 33. Bb3 Nd3 34.
Rxe8+ Rxe8 35. Nd2 Qxb2 36. Rf1 Qe5 37. Qxe5 Rxe5 38. Ne4 Nc5 39. Nxc5 Rxc5 40.
Rd1 Rc7 41. Rd6 a5 42. Rxg6 Kh7 43. Rb6 b4 44. Ra6 Rc3 45. Bxf7 Rxf3 46. Bg6+
Kg8 47. Kg2 Rf6 48. Ra8+ Rf8 49. Rxa5 Rf6 50. Ra8+ Rf8 51. Bh7+ Kf7 52. Ra7+ Kf6
53. Rb7 Ra8 54. Bb1 Ra4 55. Kf2 Ra3 56. Rxb4 Kg5 57. Rb7 Kxg4 58. Rxg7+ Kh4 59.
Rb7 Kg5 60. Rb5+ Kf6 61. Rh5 Kg7 62. Rh4 Rc3 63. a4 Ra3 64. Bc2 Ra2 65. Rc4 Kf6
66. Ke2 Kg5 67. Rc5+ Kf6 68. Kd2 Ra3 69. a5 Ra2 70. Kc1 Ra3 71. Rh5 Kg7 72. Kb2
Re3 73. a6 Re7 74. Ra5 Ra7 75. Bf5 h5 76. Bd3 Kh6 77. Be2 h4 78. Rh5+ Kg6 79.
Rxh4 1-0

[Event "AUTO-ADV-3904"]
[Site "http://www.queenalice.com/game.php?id=1565873"]
[Date "2019.3.29"]
[Round "2"]
[White "mennecy91"]
[Black "daky62"]
[Result "1/2-1/2"]
[WhiteElo "2168"]
[BlackElo "2108"]

1. c4 g6 2. Nc3 Bg7 3. g3 Nf6 4. Bg2 d6 5. d3 c6 6. e4 e5 7. Nge2 Be6 8. Be3 b6
9. O-O O-O 10. h3 Nbd7 11. f4 Bh6 12. g4 Bxg4 13. hxg4 Nxg4 14. Bf2 exf4 15.
Nxf4 Bxf4 16. Qxg4 Bd2 17. Bh4 f6 18. Qe6+ Kg7 19. Qxd6 Ne5 20. Qxd8 Raxd8 21.
Rad1 Rxd3 22. Ne2 Nxc4 23. Nc1 Be3+ 24. Bf2 Bxf2+ 25. Kxf2 Rxd1 26. Rxd1 Nxb2
27. Rd7+ Rf7 28. Rd6 c5 29. Bf1 Re7 30. Kf3 f5 31. exf5 Re1 32. Rd7+ Kf6 33.
Rd6+ Kxf5 34. Bh3+ Ke5 35. Re6+ Kd4 36. Rxe1 Kc3 37. Be6 Kd2 38. Rh1 c4 39. Bg8
h5 40. Ne2 Nd3 41. Bxc4 Ne5+ 1/2-1/2

[Event "AUTO-MASTER-2770"]
[Site "http://www.queenalice.com/game.php?id=1572018"]
[Date "2019.5.23"]
[Round "2"]
[White "daky62"]
[Black "Alexandrovinsk"]
[Result "1/2-1/2"]
[WhiteElo "2121"]
[BlackElo "2183"]

1. e4 e5 2. Nf3 Nf6 3. Nxe5 d6 4. Nf3 Nxe4 5. Qe2 Qe7 6. d3 Nf6 7. Bg5 Qxe2+ 8.
Bxe2 Be7 9. Nc3 O-O 10. O-O Re8 11. h3 Nc6 12. Rac1 Be6 13. Nb5 Rac8 14. c4 a6
15. Nc3 h6 16. Be3 d5 17. cxd5 Nxd5 18. Nd4 Nxd4 19. Bxd4 b5 20. Bf3 Nxc3 21.
Rxc3 c5 22. Be3 a5 23. b3 c4 24. dxc4 bxc4 25. bxc4 Rxc4 26. Bd2 Rec8 27. Rxc4
Bxc4 28. Rc1 Bb4 29. Be3 Be6 30. Rxc8+ Bxc8 31. Bd5 Kf8 32. f3 Ke7 33. Bd4 f6
34. Kf2 Kd6 35. Bf7 Be6 36. Bxe6 Kxe6 37. Ke3 Kd5 38. Kd3 h5 39. g4 1/2-1/2

[Event "AUTO-MASTER-2770"]
[Site "http://www.queenalice.com/game.php?id=1572019"]
[Date "2019.5.23"]
[Round "2"]
[White "Alexandrovinsk"]
[Black "daky62"]
[Result "1/2-1/2"]
[WhiteElo "2181"]
[BlackElo "2123"]

1. d4 d5 2. c4 c6 3. Nf3 Bf5 4. e3 Nf6 5. Nc3 h6 6. Be2 e6 7. Ne5 Bb4 8. Bd2
Nbd7 9. f4 Bxc3 10. Bxc3 Ne4 11. O-O Nxc3 12. bxc3 O-O 13. g4 Be4 14. Nxd7 Qxd7
15. c5 Qe7 16. Qe1 f5 17. Qg3 g5 18. gxf5 Rxf5 19. Bg4 Rf6 20. fxg5 hxg5 21.
Rxf6 Qxf6 22. Rf1 Qe7 23. Qe5 Re8 24. Rf6 Bf5 25. Bxf5 exf5 26. Rxf5 Qxe5 27.
dxe5 g4 28. Kg2 Kg7 29. Kg3 Rh8 30. Rg5+ Kf8 31. Rxg4 Rh5 32. h4 Rxe5 33. Kf4
Re6 34. h5 Re4+ 35. Kf3 Re5 36. Rh4 Kg7 37. h6+ Kh7 1/2-1/2

[Event "AUTO-MASTER-2872"]
[Site "http://www.queenalice.com/game.php?id=1581942"]
[Date "2019.8.30"]
[Round "1"]
[White "Fauquinelle"]
[Black "daky62"]
[Result "0-1"]
[WhiteElo "1968"]
[BlackElo "2122"]

1. e4 e5 2. Nf3 Nc6 3. Bb5 a6 4. Ba4 Nf6 5. O-O b5 6. Bb3 Be7 7. Re1 O-O 8. c3
d6 9. h3 h6 10. d4 Bb7 11. Bc2 exd4 12. cxd4 Nb4 13. a3 Nxc2 14. Qxc2 c5 15. Nc3
Rc8 16. dxc5 Rxc5 17. Qd3 Qc8 18. e5 dxe5 19. Rxe5 Rd8 20. Qe3 Bd6 21. Rxc5 Bxc5
22. Qe2 b4 23. axb4 Bxb4 24. Na2 Re8 25. Qd3 Bc5 26. b4 Be4 27. Qb3 Bxf3 28.
Qxf3 Re1+ 29. Kh2 Bd6+ 30. g3 Ne4 31. Kg2 Qc4 32. Kh2 Qf1 33. Qg2 Bxg3+ 34. fxg3
Re2 35. Qxe2 Qxe2+ 36. Kg1 Qf2+ 37. Kh1 Nxg3# 0-1

[Event "AUTO-MASTER-2872"]
[Site "http://www.queenalice.com/game.php?id=1581943"]
[Date "2019.8.30"]
[Round "1"]
[White "daky62"]
[Black "Fauquinelle"]
[Result "1-0"]
[WhiteElo "2113"]
[BlackElo "2006"]

1. e4 c5 2. c3 d5 3. e5 Bf5 4. Nf3 a6 5. Be2 Nc6 6. h3 f6 7. exf6 Nxf6 8. O-O e5
9. d3 Be7 10. Bg5 h6 11. Bh4 O-O 12. Bg3 e4 13. dxe4 dxe4 14. Bc4+ Kh7 15. Ne5
Na5 16. Be2 Qxd1 17. Rxd1 Rad8 18. Na3 Nh5 19. Bxh5 1-0

[Event "AUTO-MASTER-2872"]
[Site "http://www.queenalice.com/game.php?id=1581956"]
[Date "2019.8.30"]
[Round "1"]
[White "Vilnius"]
[Black "daky62"]
[Result "1-0"]
[WhiteElo "2121"]
[BlackElo "2125"]

1. e4 e5 2. Nf3 Nc6 3. Bb5 a6 4. Bxc6 dxc6 5. d4 exd4 6. Qxd4 Be6 7. O-O Nf6 8.
Bg5 Be7 9. e5 Nd5 10. Bxe7 Nxe7 11. Nc3 O-O 12. Qxd8 Raxd8 13. Rad1 h6 14. h3
Bf5 15. Nd4 c5 16. Nxf5 Nxf5 17. Ne2 Rfe8 18. Ng3 Rxe5 19. Rxd8+ Kh7 20. Nxf5
Rxf5 21. Rd7 1-0

[Event "AUTO-MASTER-2872"]
[Site "http://www.queenalice.com/game.php?id=1581957"]
[Date "2019.8.30"]
[Round "1"]
[White "daky62"]
[Black "Vilnius"]
[Result "0-1"]
[WhiteElo "2151"]
[BlackElo "2162"]

1. e4 e5 2. Nf3 d6 3. Be2 Nc6 4. Nc3 a6 5. h3 Be6 6. d4 exd4 7. Nxd4 Nxd4 8.
Qxd4 Qf6 9. Qxf6 Nxf6 10. O-O d5 11. e5 Ne4 12. Nxe4 dxe4 13. Re1 g6 14. Bg5 Bg7
15. Bf4 O-O-O 16. b3 h5 17. a4 f6 18. exf6 Bxf6 19. Rad1 Bf5 20. g4 hxg4 21.
Bxg4 Bxg4 22. Rxd8+ Rxd8 23. hxg4 Re8 24. f3 Bd4+ 25. Kg2 exf3+ 26. Kf1 Rh8 27.
Be3 Rh1+ 28. Kf2 Rxe1 29. Bxd4 Re2+ 30. Kxf3 Rxc2 31. Kf4 Rc6 32. Kg5 Kd7 33.
Bf6 Ke8 34. Kxg6 Kf8 35. Kf5 Rc1 36. Kg6 Kg8 37. Bd8 b5 38. a5 c5 39. Bg5 Rc2
40. Kf5 c4 41. b4 Re2 42. Kf4 c3 43. Kf3 Re8 44. Kf4 c2 45. Kf3 Rc8 46. Bc1 Rd8
47. Ke4 Rd1 48. Bb2 c1=Q 49. Bxc1 Rxc1 50. Kd3 Rg1 0-1

[Event "AUTO-MASTER-2872"]
[Site "http://www.queenalice.com/game.php?id=1581964"]
[Date "2019.8.30"]
[Round "1"]
[White "cerenzo72"]
[Black "daky62"]
[Result "0-1"]
[WhiteElo "2100"]
[BlackElo "2140"]

1. b3 Nf6 2. Bb2 e6 3. c4 g6 4. e4 d6 5. Nc3 Bg7 6. d4 O-O 7. Nf3 Nc6 8. Be2 Re8
9. d5 exd5 10. exd5 Ne5 11. O-O Bg4 12. Nxe5 Bxe2 13. Qxe2 Rxe5 14. Qf3 Rf5 15.
Qe2 Re5 16. Qd3 Nd7 17. Ne4 Rxe4 18. Bxg7 Qe8 19. Bb2 Nc5 20. Qf3 Re2 21. Qf6
Kf8 22. Qg7+ Ke7 23. Qxh7 Rxb2 24. Rfe1+ Kd7 25. Rxe8 Rxe8 26. Qxf7+ Re7 27.
Qxg6 Rxa2 28. Qg4+ Kd8 29. Qd1 Rae2 30. h4 a6 31. h5 R2e5 32. f4 Re4 33. g3 Re3
34. Kf2 Nd3+ 35. Kg2 Re2+ 36. Kg1 Re1+ 37. Qxe1 Nxe1 38. Kf2 Nd3+ 39. Kf3 Ne1+
40. Kg4 Rg7+ 41. Kh4 Nf3+ 42. Kh3 Nd4 43. Ra3 Ke7 44. g4 Ne2 45. f5 Nf4+ 46. Kh4
Ng2+ 47. Kg3 Ne3 48. b4 Nxg4 49. Kf4 Nf6 50. Re3+ Kf7 51. Rh3 Rg4+ 52. Kf3 Rxc4
53. h6 Rc3+ 54. Kg2 Rxh3 55. Kxh3 Nxd5 0-1

[Event "AUTO-MASTER-2872"]
[Site "http://www.queenalice.com/game.php?id=1581965"]
[Date "2019.8.30"]
[Round "1"]
[White "daky62"]
[Black "cerenzo72"]
[Result "1-0"]
[WhiteElo "2129"]
[BlackElo "2111"]

1. e4 Nc6 2. Nc3 Nf6 3. Nf3 d6 4. d4 Bg4 5. Be3 e6 6. Be2 Be7 7. O-O O-O 8. h3
Bh5 9. d5 Bxf3 10. Bxf3 exd5 11. exd5 Ne5 12. Be2 c6 13. Rc1 Qa5 14. dxc6 bxc6
15. a3 c5 16. Bd2 Qb6 17. Rb1 d5 18. Bf4 Ng6 19. Bg5 d4 20. Na4 Qc6 21. c3 Rad8
22. Bf3 Qd7 23. Bxf6 gxf6 24. Bg4 f5 25. Bf3 d3 26. c4 Ne5 27. Bd5 Kh8 28. b3 f4
29. Re1 Qf5 30. Be4 Qg5 31. Nc3 d2 32. Rf1 f3 33. Bxf3 Rd3 34. Ne4 Nxf3+ 35.
Qxf3 Rxf3 36. Nxg5 Rd3 37. Nf3 Rg8 38. Ne5 Rc3 39. Rfd1 f6 40. Nc6 Bd6 41. Rxd2
Bf4 42. Rd7 Rxh3 43. Rxa7 Rh6 44. g3 Bg5 45. Ne7 Re8 46. f4 Bxf4 47. gxf4 Rd8
48. b4 cxb4 49. axb4 Rh4 50. Nd5 Rg8+ 51. Kf2 Rh2+ 52. Ke3 Re8+ 53. Kd3 f5 54.
b5 Rh3+ 55. Kd4 h5 56. Nf6 1-0